书目信息 |
| 题名: |
中国作物及其野生近缘植物
|
|
| 作者: | 董玉琛 , 刘旭 总主编 ;朱德蔚 , 王德槟 , 李锡香 主编 | |
| 分册: | 上 蔬菜作物卷 | |
| 出版信息: | 北京 中国农业出版社 2008 |
|
| 页数: | 746页 | |
| 开本: | 26cm | |
| 丛书名: | ||
| 单 册: | ||
| 中图分类: | S329.2 , Q948.52 | |
| 科图分类: | ||
| 主题词: | 作物--种质资源--中国 , 野生植物--种质资源--中国 , 蔬菜--种质资源--中国 , 作物 , 种质资源 , 野生植物 , 蔬菜 | |
| 电子资源: | ||
| ISBN: | 978-7-109-12588-9 | |
| 000 | 01702nam0 2200373 45 | |
| 001 | 1355404952 | |
| 005 | 20130513145606.40 | |
| 010 | @a978-7-109-12588-9@b精装@dCNY145.00(全2册290.00) | |
| 100 | @a20130108d2008 em y0chiy0110 ea | |
| 101 | 0 | @achi@deng@eeng |
| 102 | @aCN@b110000 | |
| 105 | @aa z 000yy | |
| 106 | @ar | |
| 200 | 1 | @a中国作物及其野生近缘植物@AZhong Guo Zuo Wu Ji Qi Ye Sheng Jin Yuan Zhi Wu@i蔬菜作物卷@IShu Cai Zuo Wu Juan@dCrops and their wild relatives in China@iVol. vegetable crops@h上@HShang@f董玉琛,刘旭总主编@FDong Yu Chen, Liu Xu Zong Zhu Bian@g朱德蔚,王德槟,李锡香主编@zeng |
| 210 | @a北京@c中国农业出版社@d2008 | |
| 215 | @a746页@c彩照,图@d26cm | |
| 330 | @a本书分为导论和各论两大部分。导论部分论述了作物的种类、植物学、细胞学和农艺学分类,以及起源演化的理论。各论部分共51章,第一章概述了蔬菜作物在国民经济中的重要地位,世界和中国的生产与供应概况,蔬菜的种类以及中国蔬菜种质资源的特点等。第二章至第五十一章分别叙述了50种蔬菜的生产意义和生产概况,植物学特征与生物学特性及其多样性等内容。 | |
| 510 | 1 | @aCrops and their wild relatives in China@iVol. vegetable crops@zeng |
| 606 | 0 | @a作物@x种质资源@y中国 |
| 606 | 0 | @a野生植物@x种质资源@y中国 |
| 606 | 0 | @a蔬菜@x种质资源@y中国 |
| 606 | 0 | @a作物 |
| 606 | 0 | @a种质资源 |
| 606 | 0 | @a野生植物 |
| 606 | 0 | @a蔬菜 |
| 690 | @aS329.2@v5 | |
| 690 | @aQ948.52@v5 | |
| 701 | 0 | @a董玉琛@ADong Yu Chen@g(女,@f1926.6~)@4总主编 |
| 701 | 0 | @a刘旭@ALiu Xu@f(1953.12~)@4总主编 |
| 702 | 0 | @a朱德蔚@AZhu De Wei@f(1938.11~)@4主编 |
| 702 | 0 | @a王德槟@AWang De Bin@4主编 |
| 702 | 0 | @a李锡香@ALi Xi Xiang@g(女,@f1961~)@4主编 |
| 801 | @aCN@bTANGWEI@c20130111 | |
| 905 | @b0831049-51@dS329.2@e38:1@f3 | |
| 中国作物及其野生近缘植物.蔬菜作物卷=Crops and their wild relatives in China.Vol. vegetable crops.上/董玉琛,刘旭总主编/朱德蔚,王德槟,李锡香主编.-北京:中国农业出版社,2008 |
| 746页:彩照,图;26cm |
| ISBN 978-7-109-12588-9(精装):CNY145.00(全2册290.00) |
| 本书分为导论和各论两大部分。导论部分论述了作物的种类、植物学、细胞学和农艺学分类,以及起源演化的理论。各论部分共51章,第一章概述了蔬菜作物在国民经济中的重要地位,世界和中国的生产与供应概况,蔬菜的种类以及中国蔬菜种质资源的特点等。第二章至第五十一章分别叙述了50种蔬菜的生产意义和生产概况,植物学特征与生物学特性及其多样性等内容。 |
| ● |
| 相关链接 |
|
|
|
|
正题名:中国作物及其野生近缘植物
索取号:S329.2/38:1
 
预约/预借
| 序号 | 登录号 | 条形码 | 馆藏地/架位号 | 状态 | 备注 |
| 1 | 0831049 | 208310497 | 第二样本阅览室/ [索取号:S329.2/38:1] | 在馆 | |
| 2 | 0831050 | 208310503 | 第三借阅区/ [索取号:S329.2/38:1] | 在馆 | |
| 3 | 0831051 | 208310512 | 第三借阅区/ [索取号:S329.2/38:1] | 在馆 |